000 00772nmc a2200277 a 4500
003 AR-BaBNM
005 20251128203806.0
008 011101s1965 ||||||||||||||000 | spa||
040 _cAR-BaBNM
100 1 _aSeybold-Brunnhuber, Annemarie
245 1 0 _aNueva pedagogía de la educación física
250 _a1ª ed.
260 _aBuenos Aires
_bKapelusz
_c1965
300 _a143 p.
490 0 _aBiblioteca de cultura pedagógica
504 _aBibliografía p. 141-143
650 4 _aEDUCACION FISICA
650 4 _aFINALIDADES DE LA EDUCACION
650 4 _aOBJETIVOS DE LA FORMACION
650 4 _aPSICOLOGIA DEL NINO
650 4 _aAXIOLOGIA
653 _aEDUCACION PRIMARIA
700 1 _aThomas, Juan Jorge
_etraductor
942 _cBK
998 _cCarmen
999 _c4961
_d4961